| 000 | 00621nam a2200217Ia 4500 | ||
|---|---|---|---|
| 003 | PE SENCICO BE | ||
| 005 | 20251020182425.0 | ||
| 008 | 200515s9999 xx 000 0 und d | ||
| 020 | _a958-16-0004-3 | ||
| 040 |
_aPE SENCICO BE _cPE SENCICO BE |
||
| 041 | _aspa | ||
| 082 |
_a822.33 _bS47 |
||
| 100 | 1 |
_aShakespeare, William _92041 _eautor |
|
| 245 | 1 | 0 |
_aHamlet / _cWilliam Shakespeare |
| 260 |
_aBarcelona : _aBogotá : _bLa Montaña Mágica, _csin año |
||
| 300 |
_a118 p. : _c18 cm. |
||
| 490 | _aObras inmortales | ||
| 650 | 1 | 0 |
_aTeatro inglés _92042 |
| 650 | 2 | 0 |
_aLiteratura inglesa _92043 |
| 942 |
_cLIB _2ddc |
||
| 999 |
_c72 _d72 |
||